Statistics for Cat Breeds Quiz!

Click here to take the quiz!

General Stats

  • This quiz has been taken 87 times
    (75 since last reset)
  • The average score is 10 of 17

Answer Stats

Answer% Correct
Siamese
94%
Persian
80%
British Shorthair
78%
Sphynx
76%
Scottish Fold
70%
Bengal
69%
Ragdoll
63%
Russian Blue
63%
Maine Coon
57%
Munchkin
57%
Abyssinian
41%
Burmese
41%
Himalayan
35%
Japanese Bobtail
35%
Savannah
35%
Birman
28%
British Longhair
28%

Score Distribution

Percentile by Number Answered

Percent of People with Each Score

Your Score History

You have not taken this quiz since the last reset